Fundamentals of Wildlife Management (Record no. 247953)

MARC details
000 -LEADER
fixed length control field 00325pam a2200121 a 4500
020 ## - INTERNATIONAL STANDARD BOOK NUMBER
International Standard Book Number 978-81-8158-162-4
Terms of availability
041 ## - LANGUAGE CODE
Language code of original
100 ## - MAIN ENTRY--PERSONAL NAME
Personal name Dr. Rajesh Gopal .,.,
Relator term Author.,
245 ## - TITLE STATEMENT
Title Fundamentals of Wildlife Management
Medium Textual Documents
250 ## - EDITION STATEMENT
Edition statement 1992.
260 ## - PUBLICATION, DISTRIBUTION, ETC.
Place of publication, distribution, etc. [s.l]:
Name of publisher, distributor, etc. The New India Foundation.
930 ## - EQUIVALENCE OR CROSS-REFERENCE-UNIFORM TITLE HEADING [LOCAL, CANADA]
Uniform title 2102
Holdings
Withdrawn status Lost status Damaged status Not for loan Home library Current library Date acquired Source of acquisition Cost, normal purchase price Total Checkouts Full call number Barcode Date last seen Copy number Price effective from Koha item type
        Institute of Environment Education & Research, Pune Institute of Environment Education & Research, Pune 09/01/2013 Natraj Publication0n 1395.00   EVP-1856 03/04/2023 1 03/04/2023 Book